Top 5 Songs On Goblin (Tyler, The Creator) - Statistics

General Stats
  • This quiz has been taken 118 times
  • The average score is 4 of 5
Answer Stats
Hint Answer % Correct
236,794,518 She
94%
197,353,454 Yonkers
93%
24,919,065 Goblin
85%
34,911,368 Tron Cat
76%
20,977,269 Radicals
68%
No matching quizzes found
Score Distribution
Percent of People with Each Score
Percentile by Number Answered
Your Score History
You have not taken this quiz